000 00598nam a2200241Ia 4500
003 OSt
005 20221005065944.0
006 a|||||r|||| 00| 0
007 ta
008 221004b |||||||| |||| 00| 0 tel d
024 _a39988
037 _cTextual
040 _aCRL
_cCRL
_btel
041 _2tel
_atel
082 _aO15,1D40,1, 155J6
100 _aKalidas
245 0 _aMeghdut
260 _aMumbai
_bIndia
_c1963
300 _a66p.
_ccm.
650 _aSANSKRIT LITERATURE
942 _hO15,1D40,1, 155J6
_cTEXL
_2cc
999 _c975452
_d975452